000 00481nam a22002057a 4500
001 22177
005 20260406180506.0
008 260406b |||||||| |||| 00| 0 spa d
041 _aESP
082 _a624.15
_bD27
100 _aDas, Braja M.
245 _aFundamentos de ingenierĂ­a de cimentaciones
260 _a :
_b ,
_c2012
300 _a000 páginas :
_b ;
_c00 cm.
440 _a ;
650 _aTCA
654 _aCII
700 _a;
942 _cLIB
_dJUS
_fJUS
_n0
_2ddc
999 _c22177
_d22177